[Event "DVM U20 2020"]
[Site "Willingen GER"]
[Date "2021.06.24"]
[Round "2"]
[White "Krastev, Alexander"]
[Black "Küppers, Timo"]
[Result "1-0"]
[Termination "normal"]
[Board "7.1"]
[WhiteTitle "FM"]
[BlackTitle "FM"]
[WhiteElo "2355"]
[BlackElo "2287"]
[WhiteClock "00:00:40"]
[BlackClock "00:00:52"]
[WhiteTeam "Biebertaler Schachfreunde"]
[BlackTeam "Schachfreunde Essen-Katernberg"]
[PlyCount "151"]
[WhiteFideId "12989983"]
[BlackFideId "16205820"]
[EventCountry "GER"]
[EventRounds "7"]
[EventType "team-swiss"]
[EventDate "2021.06.23"]

1. e4 {[%clk 01:30:58]} {[%emt 00:00:01]} c5 {[%clk 01:30:54]} {[%emt
00:00:07]} 2. Nf3 {[%clk 01:31:24]} {[%emt 00:00:04]} d6 {[%clk 01:31:20]}
{[%emt 00:00:04]} 3. d4 {[%clk 01:31:50]} {[%emt 00:00:04]} cxd4 {[%clk
01:31:46]} {[%emt 00:00:05]} 4. Nxd4 {[%clk 01:32:16]} {[%emt 00:00:02]} Nf6
{[%clk 01:32:12]} {[%emt 00:00:05]} 5. Nc3 {[%clk 01:32:43]} {[%emt 00:00:02]}
a6 {[%clk 01:32:36]} {[%emt 00:00:06]} 6. Bg5 {[%clk 01:33:10]} {[%emt
00:00:04]} e6 {[%clk 01:33:00]} {[%emt 00:00:05]} 7. a4 {[%clk 01:28:39]}
{[%emt 00:05:01]} Be7 {[%clk 01:31:30]} {[%emt 00:02:01]} 8. Be3 {[%clk
01:28:49]} {[%emt 00:00:20]} Nc6 {[%clk 01:24:16]} {[%emt 00:07:43]} 9. Be2
{[%clk 01:28:24]} {[%emt 00:00:56]} O-O {[%clk 01:23:23]} {[%emt 00:01:22]} 10.
O-O {[%clk 01:28:40]} {[%emt 00:00:15]} Bd7 {[%clk 01:18:11]} {[%emt 00:05:42]}
11. Nb3 {[%clk 01:13:54]} {[%emt 00:15:15]} Na5 {[%clk 01:14:32]} {[%emt
00:04:09]} 12. Nxa5 {[%clk 01:10:21]} {[%emt 00:04:04]} Qxa5 {[%clk 01:14:55]}
{[%emt 00:00:06]} 13. Qd2 {[%clk 01:10:48]} {[%emt 00:00:04]} Rfc8 {[%clk
01:08:01]} {[%emt 00:07:23]} 14. Rfd1 {[%clk 00:58:19]} {[%emt 00:12:59]} Rxc3
{[%clk 00:51:45]} {[%emt 00:16:46]} 15. Bf3 {[%clk 00:54:53]} {[%emt 00:03:56]}
Bc6 {[%clk 00:45:18]} {[%emt 00:06:57]} 16. Bd4 {[%clk 00:48:50]} {[%emt
00:06:34]} Rc5 {[%clk 00:41:46]} {[%emt 00:04:01]} 17. b4 {[%clk 00:48:54]}
{[%emt 00:00:26]} Rxc2 {[%clk 00:34:27]} {[%emt 00:07:50]} 18. Qxc2 {[%clk
00:34:40]} {[%emt 00:14:44]} Qxb4 {[%clk 00:34:14]} {[%emt 00:00:43]} 19. Qd3
{[%clk 00:31:29]} {[%emt 00:03:41]} Bxa4 {[%clk 00:25:07]} {[%emt 00:09:36]}
20. Rdb1 {[%clk 00:30:12]} {[%emt 00:01:47]} Bc2 {[%clk 00:24:54]} {[%emt
00:00:44]} 21. Qxc2 {[%clk 00:27:27]} {[%emt 00:03:14]} Qxd4 {[%clk 00:25:16]}
{[%emt 00:00:08]} 22. Qc7 {[%clk 00:27:50]} {[%emt 00:00:08]} Bf8 {[%clk
00:20:37]} {[%emt 00:05:09]} 23. Qxb7 {[%clk 00:28:10]} {[%emt 00:00:09]} Ra7
{[%clk 00:19:52]} {[%emt 00:01:15]} 24. Qb6 {[%clk 00:15:42]} {[%emt 00:12:59]}
Qxb6 {[%clk 00:18:07]} {[%emt 00:02:15]} 25. Rxb6 {[%clk 00:16:09]} {[%emt
00:00:03]} a5 {[%clk 00:18:12]} {[%emt 00:00:24]} 26. Ra4 {[%clk 00:15:55]}
{[%emt 00:00:44]} Nd7 {[%clk 00:11:37]} {[%emt 00:07:06]} 27. Rb5 {[%clk
00:16:05]} {[%emt 00:00:19]} Ne5 {[%clk 00:12:02]} {[%emt 00:00:05]} 28. Be2
{[%clk 00:13:56]} {[%emt 00:02:40]} Nc6 {[%clk 00:10:56]} {[%emt 00:01:36]} 29.
Rb6 {[%clk 00:13:22]} {[%emt 00:01:04]} Ne5 {[%clk 00:07:44]} {[%emt 00:03:41]}
30. Ra6 {[%clk 00:09:03]} {[%emt 00:04:49]} Rxa6 {[%clk 00:05:19]} {[%emt
00:02:57]} 31. Bxa6 {[%clk 00:09:27]} {[%emt 00:00:05]} g5 {[%clk 00:05:43]}
{[%emt 00:00:06]} 32. Rxa5 {[%clk 00:09:42]} {[%emt 00:00:15]} Kg7 {[%clk
00:05:31]} {[%emt 00:00:42]} 33. Bb5 {[%clk 00:07:54]} {[%emt 00:02:18]} Be7
{[%clk 00:04:20]} {[%emt 00:01:40]} 34. Kf1 {[%clk 00:07:32]} {[%emt 00:00:52]}
Kg6 {[%clk 00:03:24]} {[%emt 00:01:27]} 35. f3 {[%clk 00:06:29]} {[%emt
00:01:33]} h5 {[%clk 00:03:17]} {[%emt 00:00:37]} 36. Ke2 {[%clk 00:05:24]}
{[%emt 00:01:35]} h4 {[%clk 00:03:36]} {[%emt 00:00:11]} 37. Be8 {[%clk
00:05:01]} {[%emt 00:00:52]} Kf6 {[%clk 00:02:06]} {[%emt 00:02:00]} 38. g3
{[%clk 00:04:53]} {[%emt 00:00:38]} hxg3 {[%clk 00:02:27]} {[%emt 00:00:10]}
39. hxg3 {[%clk 00:05:21]} {[%emt 00:00:02]} Ng6 {[%clk 00:01:51]} {[%emt
00:01:05]} 40. Ra7 {[%clk 00:04:10]} {[%emt 00:01:42]} e5 {[%clk 00:01:00]}
{[%emt 00:01:21]} 41. Bd7 {[%clk 00:03:35]} {[%emt 00:01:05]} Nf8 {[%clk
00:29:15]} {[%emt 00:02:14]} 42. Bg4 {[%clk 00:32:25]} {[%emt 00:01:40]} Ne6
{[%clk 00:23:26]} {[%emt 00:06:20]} 43. Kd3 {[%clk 00:31:42]} {[%emt 00:01:12]}
Nd4 {[%clk 00:21:00]} {[%emt 00:02:56]} 44. Kc4 {[%clk 00:23:31]} {[%emt
00:08:42]} Nc6 {[%clk 00:12:33]} {[%emt 00:08:56]} 45. Rc7 {[%clk 00:19:04]}
{[%emt 00:04:58]} Nd4 {[%clk 00:12:40]} {[%emt 00:00:23]} 46. Kd5 {[%clk
00:19:06]} {[%emt 00:00:27]} Bf8 {[%clk 00:11:49]} {[%emt 00:01:21]} 47. Rc8
{[%clk 00:15:10]} {[%emt 00:04:25]} Be7 {[%clk 00:11:27]} {[%emt 00:00:53]} 48.
Re8 {[%clk 00:14:51]} {[%emt 00:00:49]} Nb3 {[%clk 00:09:42]} {[%emt 00:02:14]}
49. Kc6 {[%clk 00:14:03]} {[%emt 00:01:19]} Nc5 {[%clk 00:10:03]} {[%emt
00:00:10]} 50. Bh3 {[%clk 00:06:12]} {[%emt 00:08:21]} Nb3 {[%clk 00:07:44]}
{[%emt 00:02:48]} 51. Rb8 {[%clk 00:02:51]} {[%emt 00:03:51]} Nc5 {[%clk
00:07:14]} {[%emt 00:01:00]} 52. Re8 {[%clk 00:01:49]} {[%emt 00:01:32]} Nb3
{[%clk 00:07:32]} {[%emt 00:00:12]} 53. Bf1 {[%clk 00:01:06]} {[%emt 00:01:14]}
Nc5 {[%clk 00:07:23]} {[%emt 00:00:39]} 54. Bc4 {[%clk 00:01:24]} {[%emt
00:00:12]} Na4 {[%clk 00:07:46]} {[%emt 00:00:07]} 55. Bb3 {[%clk 00:00:46]}
{[%emt 00:01:07]} Nc5 {[%clk 00:08:02]} {[%emt 00:00:14]} 56. Ba2 {[%clk
00:01:03]} {[%emt 00:00:13]} Nd3 {[%clk 00:04:22]} {[%emt 00:04:10]} 57. Bb3
{[%clk 00:00:41]} {[%emt 00:00:52]} Nc5 {[%clk 00:04:15]} {[%emt 00:00:37]} 58.
Bc4 {[%clk 00:00:38]} {[%emt 00:00:33]} Na4 {[%clk 00:04:35]} {[%emt 00:00:10]}
59. Ra8 {[%clk 00:00:40]} {[%emt 00:00:28]} Nc5 {[%clk 00:04:17]} {[%emt
00:00:48]} 60. Ra7 {[%clk 00:01:06]} {[%emt 00:00:04]} g4 {[%clk 00:03:23]}
{[%emt 00:01:25]} 61. fxg4 {[%clk 00:00:49]} {[%emt 00:00:47]} Nxe4 {[%clk
00:03:42]} {[%emt 00:00:11]} 62. Bd5 {[%clk 00:00:50]} {[%emt 00:00:28]} Ng5
{[%clk 00:03:09]} {[%emt 00:01:03]} 63. Ra4 {[%clk 00:00:33]} {[%emt 00:00:47]}
Ne6 {[%clk 00:02:26]} {[%emt 00:01:13]} 64. Ra1 {[%clk 00:00:38]} {[%emt
00:00:25]} Kg5 {[%clk 00:00:32]} {[%emt 00:02:24]} 65. Kd7 {[%clk 00:00:37]}
{[%emt 00:00:31]} Bf8 {[%clk 00:00:44]} {[%emt 00:00:18]} 66. Rf1 {[%clk
00:00:34]} {[%emt 00:00:33]} Bh6 {[%clk 00:00:32]} {[%emt 00:00:42]} 67. Rxf7
{[%clk 00:00:43]} {[%emt 00:00:21]} Nd4 {[%clk 00:00:53]} {[%emt 00:00:10]} 68.
Kxd6 {[%clk 00:00:36]} {[%emt 00:00:37]} Kxg4 {[%clk 00:01:03]} {[%emt
00:00:19]} 69. Kxe5 {[%clk 00:01:01]} {[%emt 00:00:05]} Nc2 {[%clk 00:01:11]}
{[%emt 00:00:22]} 70. Rh7 {[%clk 00:00:53]} {[%emt 00:00:38]} Bc1 {[%clk
00:00:40]} {[%emt 00:01:01]} 71. Rg7+ {[%clk 00:01:14]} {[%emt 00:00:09]} Kh5
{[%clk 00:00:33]} {[%emt 00:00:36]} 72. Rg8 {[%clk 00:01:10]} {[%emt 00:00:35]}
Ne3 {[%clk 00:00:47]} {[%emt 00:00:16]} 73. Be6 {[%clk 00:00:55]} {[%emt
00:00:45]} Bb2+ {[%clk 00:00:46]} {[%emt 00:00:31]} 74. Ke4 {[%clk 00:01:09]}
{[%emt 00:00:16]} Nf1 {[%clk 00:01:00]} {[%emt 00:00:17]} 75. Bh3 {[%clk
00:00:37]} {[%emt 00:01:02]} Nd2+ {[%clk 00:00:52]} {[%emt 00:00:37]} 76. Kd3
{[%clk 00:00:40]} 1-0

[Event "DVM U20 2020"]
[Site "Willingen GER"]
[Date "2021.06.24"]
[Round "2"]
[White "Irkilmez, Yakub"]
[Black "Pralle, Finnegan"]
[Result "1-0"]
[Termination "normal"]
[Board "7.2"]
[WhiteElo "2167"]
[BlackElo "1910"]
[WhiteClock "00:15:29"]
[BlackClock "00:23:18"]
[WhiteTeam "Schachfreunde Essen-Katernberg"]
[BlackTeam "Biebertaler Schachfreunde"]
[PlyCount "91"]
[WhiteFideId "16204581"]
[BlackFideId "12986615"]
[EventCountry "GER"]
[EventRounds "7"]
[EventType "team-swiss"]
[EventDate "2021.06.23"]

1. c4 {[%clk 01:30:52]} {[%emt 00:00:07]} e5 {[%clk 01:30:54]} {[%emt
00:00:07]} 2. Nc3 {[%clk 01:27:37]} {[%emt 00:03:44]} Nc6 {[%clk 01:31:12]}
{[%emt 00:00:12]} 3. g3 {[%clk 01:27:53]} {[%emt 00:00:14]} d6 {[%clk
01:31:12]} {[%emt 00:00:30]} 4. Nf3 {[%clk 01:27:08]} {[%emt 00:01:14]} f5
{[%clk 01:29:59]} {[%emt 00:01:44]} 5. d4 {[%clk 01:26:08]} {[%emt 00:01:31]}
e4 {[%clk 01:18:58]} {[%emt 00:11:30]} 6. Nh4 {[%clk 01:26:23]} {[%emt
00:00:15]} Nf6 {[%clk 01:16:50]} {[%emt 00:02:38]} 7. Bg5 {[%clk 01:25:25]}
{[%emt 00:01:27]} Be7 {[%clk 01:16:00]} {[%emt 00:01:21]} 8. e3 {[%clk
01:24:03]} {[%emt 00:01:52]} O-O {[%clk 01:08:24]} {[%emt 00:08:05]} 9. Ng2
{[%clk 01:21:26]} {[%emt 00:03:08]} h6 {[%clk 01:02:53]} {[%emt 00:06:01]} 10.
Bxf6 {[%clk 01:20:53]} {[%emt 00:01:03]} Bxf6 {[%clk 01:01:59]} {[%emt
00:01:24]} 11. h4 {[%clk 01:19:42]} {[%emt 00:01:41]} Ne7 {[%clk 00:59:28]}
{[%emt 00:03:00]} 12. Qd2 {[%clk 01:00:32]} {[%emt 00:19:41]} c5 {[%clk
00:58:45]} {[%emt 00:01:13]} 13. dxc5 {[%clk 00:57:11]} {[%emt 00:03:51]} dxc5
{[%clk 00:59:06]} {[%emt 00:00:09]} 14. Nd5 {[%clk 00:57:01]} {[%emt 00:00:40]}
Nxd5 {[%clk 00:55:55]} {[%emt 00:03:41]} 15. cxd5 {[%clk 00:57:05]} {[%emt
00:00:26]} a6 {[%clk 00:55:23]} {[%emt 00:01:02]} 16. Nf4 {[%clk 00:51:03]}
{[%emt 00:06:32]} Qd6 {[%clk 00:54:05]} {[%emt 00:01:48]} 17. Be2 {[%clk
00:44:29]} {[%emt 00:07:04]} Bd7 {[%clk 00:53:23]} {[%emt 00:01:12]} 18. O-O
{[%clk 00:42:01]} {[%emt 00:02:57]} Be5 {[%clk 00:49:39]} {[%emt 00:04:15]} 19.
h5 {[%clk 00:38:59]} {[%emt 00:03:31]} Be8 {[%clk 00:46:27]} {[%emt 00:03:43]}
20. Rac1 {[%clk 00:36:04]} {[%emt 00:03:25]} Rf6 {[%clk 00:46:06]} {[%emt
00:00:50]} 21. Rfd1 {[%clk 00:35:56]} {[%emt 00:00:38]} Rd8 {[%clk 00:42:46]}
{[%emt 00:03:51]} 22. Qc2 {[%clk 00:28:15]} {[%emt 00:08:11]} b6 {[%clk
00:38:47]} {[%emt 00:04:29]} 23. f3 {[%clk 00:24:39]} {[%emt 00:04:05]} g5
{[%clk 00:20:28]} {[%emt 00:18:49]} 24. hxg6 {[%clk 00:23:29]} {[%emt
00:01:41]} Bxg6 {[%clk 00:20:28]} {[%emt 00:00:30]} 25. Bxa6 {[%clk 00:19:56]}
{[%emt 00:04:03]} exf3 {[%clk 00:19:06]} {[%emt 00:01:52]} 26. Kf2 {[%clk
00:18:21]} {[%emt 00:02:04]} Bf7 {[%clk 00:13:56]} {[%emt 00:05:40]} 27. Bc4
{[%clk 00:17:23]} {[%emt 00:01:28]} Kh8 {[%clk 00:09:37]} {[%emt 00:04:50]} 28.
Rg1 {[%clk 00:13:10]} {[%emt 00:04:43]} Rg8 {[%clk 00:09:42]} {[%emt 00:00:25]}
29. Qd2 {[%clk 00:10:04]} {[%emt 00:03:36]} h5 {[%clk 00:09:16]} {[%emt
00:00:56]} 30. Rh1 {[%clk 00:08:40]} {[%emt 00:01:53]} Rh6 {[%clk 00:09:07]}
{[%emt 00:00:40]} 31. Rh4 {[%clk 00:07:08]} {[%emt 00:02:02]} Rg4 {[%clk
00:08:43]} {[%emt 00:00:54]} 32. Rch1 {[%clk 00:07:04]} {[%emt 00:00:34]} Kg8
{[%clk 00:07:21]} {[%emt 00:01:52]} 33. Qd3 {[%clk 00:05:52]} {[%emt 00:01:42]}
Rhg6 {[%clk 00:04:40]} {[%emt 00:03:11]} 34. Rxg4 {[%clk 00:03:46]} {[%emt
00:02:36]} fxg4 {[%clk 00:02:21]} {[%emt 00:02:49]} 35. Rxh5 {[%clk 00:02:46]}
{[%emt 00:01:31]} Bxf4 {[%clk 00:01:38]} {[%emt 00:01:12]} 36. exf4 {[%clk
00:03:10]} {[%emt 00:00:06]} Rh6 {[%clk 00:00:42]} {[%emt 00:01:26]} 37. Rg5+
{[%clk 00:02:12]} {[%emt 00:01:27]} Kf8 {[%clk 00:01:09]} {[%emt 00:00:03]} 38.
Rxg4 {[%clk 00:01:02]} {[%emt 00:01:41]} Rh2+ {[%clk 00:01:34]} {[%emt
00:00:05]} 39. Kxf3 {[%clk 00:01:07]} {[%emt 00:00:26]} Bh5 {[%clk 00:01:59]}
{[%emt 00:00:04]} 40. Qf5+ {[%clk 00:01:08]} {[%emt 00:00:29]} Ke8 {[%clk
00:01:37]} {[%emt 00:00:52]} 41. a4 {[%clk 00:16:32]} {[%emt 00:15:06]} Qe7
{[%clk 00:23:03]} {[%emt 00:09:50]} 42. Qc8+ {[%clk 00:14:28]} {[%emt
00:01:47]} Qd8 {[%clk 00:22:27]} {[%emt 00:01:06]} 43. Bb5+ {[%clk 00:14:38]}
{[%emt 00:00:20]} Ke7 {[%clk 00:22:50]} {[%emt 00:00:06]} 44. Qe6+ {[%clk
00:15:04]} {[%emt 00:00:05]} Kf8 {[%clk 00:23:00]} {[%emt 00:00:19]} 45. Qg8+
{[%clk 00:15:16]} {[%emt 00:00:19]} Ke7 {[%clk 00:23:18]} {[%emt 00:00:12]} 46.
Qg5+ {[%clk 00:15:29]} {[%emt 00:00:18]} 1-0

[Event "DVM U20 2020"]
[Site "Willingen GER"]
[Date "2021.06.24"]
[Round "2"]
[White "Limpert, Tillmann"]
[Black "Struck, Lasse"]
[Result "0-1"]
[Termination "normal"]
[Board "7.3"]
[WhiteElo "1671"]
[BlackElo "1751"]
[WhiteClock "01:31:20"]
[BlackClock "01:30:53"]
[WhiteTeam "Biebertaler Schachfreunde"]
[BlackTeam "Schachfreunde Essen-Katernberg"]
[PlyCount "60"]
[WhiteFideId "16213254"]
[BlackFideId "16255623"]
[EventCountry "GER"]
[EventRounds "7"]
[EventType "team-swiss"]
[EventDate "2021.06.23"]

1. e4 {[%clk 01:30:56]} {[%emt 00:00:03]} c5 {[%clk 01:30:53]} {[%emt
00:00:09]} 2. Nc3 {[%clk 01:31:20]} e6 {[%clk 01:30:53]} 3. d3 {[%clk
01:31:20]} Nc6 {[%clk 01:30:53]} 4. g3 {[%clk 01:31:20]} g6 {[%clk 01:30:53]}
5. Bg2 {[%clk 01:31:20]} Bg7 {[%clk 01:30:53]} 6. f4 {[%clk 01:31:20]} Nge7
{[%clk 01:30:53]} 7. Nf3 {[%clk 01:31:20]} Rb8 {[%clk 01:30:53]} 8. O-O {[%clk
01:31:20]} O-O {[%clk 01:30:53]} 9. Ne2 {[%clk 01:31:20]} d5 {[%clk 01:30:53]}
10. e5 {[%clk 01:31:20]} d4 {[%clk 01:30:53]} 11. g4 {[%clk 01:31:20]} f6
{[%clk 01:30:53]} 12. exf6 {[%clk 01:31:20]} Bxf6 {[%clk 01:30:53]} 13. h4
{[%clk 01:31:20]} e5 {[%clk 01:30:53]} 14. g5 {[%clk 01:31:20]} Bg7 {[%clk
01:30:53]} 15. Nh2 {[%clk 01:31:20]} Nf5 {[%clk 01:30:53]} 16. Bxc6 {[%clk
01:31:20]} bxc6 {[%clk 01:30:53]} 17. fxe5 {[%clk 01:31:20]} Nxh4 {[%clk
01:30:53]} 18. Rxf8+ {[%clk 01:31:20]} Qxf8 {[%clk 01:30:53]} 19. Nf4 {[%clk
01:31:20]} Qe7 {[%clk 01:30:53]} 20. Kh1 {[%clk 01:31:20]} Qxg5 {[%clk
01:30:53]} 21. Qf1 {[%clk 01:31:20]} Nf5 {[%clk 01:30:53]} 22. Ne2 {[%clk
01:31:20]} Qh4 {[%clk 01:30:53]} 23. Bf4 {[%clk 01:31:20]} g5 {[%clk 01:30:53]}
24. Bd2 {[%clk 01:31:20]} Be6 {[%clk 01:30:53]} 25. Be1 {[%clk 01:31:20]} Qh6
{[%clk 01:30:53]} 26. Kg1 {[%clk 01:31:20]} Ne3 {[%clk 01:30:53]} 27. Qf3
{[%clk 01:31:20]} Rf8 {[%clk 01:30:53]} 28. Qg3 {[%clk 01:31:20]} Rf5 {[%clk
01:30:53]} 29. Nf3 {[%clk 01:31:20]} Bd5 {[%clk 01:30:53]} 30. e6 {[%clk
01:31:20]} Rxf3 {[%clk 01:30:53]} 0-1

[Event "DVM U20 2020"]
[Site "Willingen GER"]
[Date "2021.06.24"]
[Round "2"]
[White "Gallas, Noel"]
[Black "Engert, Kiyan"]
[Result "1/2-1/2"]
[Termination "normal"]
[Board "7.4"]
[WhiteElo "1886"]
[BlackElo "1781"]
[WhiteClock "00:01:21"]
[BlackClock "00:04:12"]
[WhiteTeam "Schachfreunde Essen-Katernberg"]
[BlackTeam "Biebertaler Schachfreunde"]
[PlyCount "74"]
[WhiteFideId "16216059"]
[BlackFideId "16214870"]
[EventCountry "GER"]
[EventRounds "7"]
[EventType "team-swiss"]
[EventDate "2021.06.23"]

1. e4 {[%clk 01:30:58]} {[%emt 00:00:02]} e5 {[%clk 01:28:25]} {[%emt
00:02:35]} 2. d4 {[%clk 01:31:18]} {[%emt 00:00:10]} exd4 {[%clk 01:28:04]}
{[%emt 00:00:51]} 3. Nf3 {[%clk 01:31:36]} {[%emt 00:00:12]} Nc6 {[%clk
01:28:18]} {[%emt 00:00:16]} 4. Bc4 {[%clk 01:31:51]} {[%emt 00:00:14]} Nf6
{[%clk 01:28:06]} {[%emt 00:00:44]} 5. O-O {[%clk 01:31:46]} {[%emt 00:00:33]}
Nxe4 {[%clk 01:23:50]} {[%emt 00:04:47]} 6. Re1 {[%clk 01:31:31]} {[%emt
00:00:45]} d5 {[%clk 01:24:00]} {[%emt 00:00:20]} 7. Bxd5 {[%clk 01:31:42]}
{[%emt 00:00:20]} Qxd5 {[%clk 01:24:20]} {[%emt 00:00:09]} 8. Nc3 {[%clk
01:32:05]} {[%emt 00:00:07]} Qh5 {[%clk 01:23:04]} {[%emt 00:01:45]} 9. Nxe4
{[%clk 01:32:14]} {[%emt 00:00:22]} Be6 {[%clk 01:20:25]} {[%emt 00:03:09]} 10.
Neg5 {[%clk 01:31:43]} {[%emt 00:01:00]} O-O-O {[%clk 01:20:14]} {[%emt
00:00:41]} 11. Nxe6 {[%clk 01:32:00]} {[%emt 00:00:13]} fxe6 {[%clk 01:20:37]}
{[%emt 00:00:08]} 12. Rxe6 {[%clk 01:32:22]} {[%emt 00:00:09]} Bd6 {[%clk
01:19:56]} {[%emt 00:01:10]} 13. Qe2 {[%clk 01:27:37]} {[%emt 00:05:15]} Rde8
{[%clk 01:00:27]} {[%emt 00:19:59]} 14. h3 {[%clk 01:07:00]} {[%emt 00:21:06]}
Rxe6 {[%clk 00:42:44]} {[%emt 00:18:14]} 15. Qxe6+ {[%clk 01:06:48]} {[%emt
00:00:42]} Kb8 {[%clk 00:42:52]} {[%emt 00:00:21]} 16. Bd2 {[%clk 01:05:09]}
{[%emt 00:02:09]} Re8 {[%clk 00:42:56]} {[%emt 00:00:26]} 17. Qc4 {[%clk
01:03:15]} {[%emt 00:02:18]} Ne5 {[%clk 00:40:14]} {[%emt 00:03:19]} 18. Nxe5
{[%clk 00:55:58]} {[%emt 00:07:46]} Qxe5 {[%clk 00:40:15]} {[%emt 00:00:29]}
19. g3 {[%clk 00:54:40]} {[%emt 00:01:48]} Qf6 {[%clk 00:29:07]} {[%emt
00:11:39]} 20. Qd3 {[%clk 00:43:48]} {[%emt 00:11:21]} Rf8 {[%clk 00:24:04]}
{[%emt 00:05:34]} 21. Rf1 {[%clk 00:37:59]} {[%emt 00:06:19]} h6 {[%clk
00:23:26]} {[%emt 00:01:07]} 22. a3 {[%clk 00:31:06]} {[%emt 00:07:24]} b6
{[%clk 00:13:50]} {[%emt 00:10:06]} 23. a4 {[%clk 00:28:28]} {[%emt 00:03:07]}
Qf5 {[%clk 00:12:03]} {[%emt 00:02:18]} 24. Qxf5 {[%clk 00:05:58]} {[%emt
00:23:00]} Rxf5 {[%clk 00:12:22]} {[%emt 00:00:11]} 25. c3 {[%clk 00:04:58]}
{[%emt 00:01:29]} dxc3 {[%clk 00:09:56]} {[%emt 00:02:57]} 26. Bxc3 {[%clk
00:04:09]} Be5 {[%clk 00:09:56]} 27. Bxe5 {[%clk 00:04:09]} Rxe5 {[%clk
00:10:38]} {[%emt 00:03:02]} 28. Rd1 {[%clk 00:03:31]} Re2 {[%clk 00:06:29]}
{[%emt 00:04:53]} 29. b3 {[%emt 00:01:16]} Re7 {[%clk 00:05:55]} 30. Kg2 {[%clk
00:03:47]} {[%emt 00:00:31]} a6 {[%clk 00:04:44]} {[%emt 00:01:42]} 31. g4
{[%clk 00:02:41]} {[%emt 00:01:35]} b5 {[%clk 00:04:56]} {[%emt 00:00:18]} 32.
axb5 {[%clk 00:02:00]} {[%emt 00:01:11]} axb5 {[%clk 00:05:18]} {[%emt
00:00:08]} 33. h4 {[%clk 00:02:18]} {[%emt 00:00:12]} Kb7 {[%clk 00:05:27]}
{[%emt 00:00:21]} 34. Kg3 {[%clk 00:01:50]} {[%emt 00:00:58]} c5 {[%clk
00:04:12]} {[%emt 00:01:45]} 35. g5 {[%clk 00:01:33]} {[%emt 00:00:47]} hxg5
{[%clk 00:04:07]} {[%emt 00:00:35]} 36. hxg5 {[%clk 00:01:56]} {[%emt
00:00:06]} Kc6 {[%clk 00:04:21]} {[%emt 00:00:17]} 37. Kg4 {[%clk 00:01:21]}
{[%emt 00:01:05]} c4 {[%clk 00:04:12]} {[%emt 00:00:39]} 1/2-1/2